Państwa o wysokim spożyciu piwa - Statystyki

Ogólne statystyki
  • Ten quiz został rozwiązany 738 razy
  • Średni wynik to 7 z 10
Statystyki odpowiedzi
Roczne spożycie piwa na głowę w litrach Państwo % Poprawnych
98 Polska
99%
96 Niemcy
98%
137 Czechy
88%
75 USA
83%
95 Austria
64%
92 Litwa
59%
69 Belgia
56%
79 Irlandia
51%
81 Chorwacja
38%
72 Australia
37%
Nie znaleziono quizów pasujących do podanych kryteriów
Rozkład punktacji
Procent ludzi z każdym wynikiem
Percentyl według liczby udzielonych odpowiedzi
Twoja historia wyników
Nie rozwiązałeś tego quizu